International accounting and multinational enterprises

Đã lưu trong:
Sonraí Bibleagrafaíochta
Príomhúdar: Arpan, Jeffrey S.
Formáid: Leabhar
Teanga:Undetermined
Foilsithe: New York John Wiley and Sons 1985
Ábhair:
Clibeanna: Cuir Clib Leis
Gan Chlibeanna, Bí ar an gcéad duine leis an taifead seo a chlibeáil!
Thư viện lưu trữ: Trung tâm Học liệu Trường Đại học Cần Thơ
LEADER 00571nam a2200193Ia 4500
001 CTU_77473
008 210402s9999 xx 000 0 und d
082 |a 657 
082 |b A772 
100 |a Arpan, Jeffrey S. 
245 0 |a International accounting and multinational enterprises 
245 0 |c Jeffrey S. Arpan, Lee H. Radebaugh 
260 |a New York 
260 |b John Wiley and Sons 
260 |c 1985 
650 |a International business enterprises 
650 |x Accounting 
904 |i Trọng Hải 
980 |a Trung tâm Học liệu Trường Đại học Cần Thơ